00810nam a2200169 a 4500001000400000003000900004008004100013040002800054082001500082100001900097245012800116260003100244300001000275505030700285650001900592650002900611696CO-ViMGA141112s2004 ck r 000 u spa d aCO-ViMGAbspacCO-ViMGA04a658.4 D7821 aDrucker, Peter10aDrucker su visión sobre : bla administración, la organización basada en la información, la economía, la sociedad aBogotá : bNorma, c1997 a318 p aLa administración Los cinco pecados mortales de los negocios 51 - - La organización basada en la información La revolución infomática en el comercio al por menor 99 - - La Economía Lecciones del comercio en la economía mundial 135 - - La sociedad Un siglo de transformación social 271 14aADMINISTRACION14aEconomía INTERNACIONAL